Analysis I / (Record no. 180264)
[ view plain ]
| 000 -LEADER | |
|---|---|
| fixed length control field | 00618 a2200181 4500 |
| 003 - CONTROL NUMBER IDENTIFIER | |
| control field | NUST |
| 005 - DATE AND TIME OF LATEST TRANSACTION | |
| control field | 20221117134127.0 |
| 040 ## - CATALOGING SOURCE | |
| Transcribing agency | Nust |
| 082 ## - DEWEY DECIMAL CLASSIFICATION NUMBER | |
| Classification number | 515,LAN |
| 100 ## - MAIN ENTRY--PERSONAL NAME | |
| Personal name | Lang, Serge |
| 9 (RLIN) | 102580 |
| 245 ## - TITLE STATEMENT | |
| Title | Analysis I / |
| Statement of responsibility, etc. | Serge Lang |
| 260 ## - PUBLICATION, DISTRIBUTION, ETC. | |
| Place of publication, distribution, etc. | LONDON |
| Name of publisher, distributor, etc. | ADDISON WESLEY |
| Date of publication, distribution, etc. | 1968 |
| 300 ## - PHYSICAL DESCRIPTION | |
| Extent | 460 P.: |
| 505 ## - FORMATTED CONTENTS NOTE | |
| Formatted contents note | Part-1: Review of Calculus (Page-1), Part-2: Convergence (Page-94), Part-3: Applications of the Integral (Page-210), Part-4: Calculus in Vector Spaces (Page-271), Part-5: Multiple Integration (Page-397). |
| 600 ## - SUBJECT ADDED ENTRY--PERSONAL NAME | |
| Personal name | SERGE LANG |
| 9 (RLIN) | 102885 |
| 650 ## - SUBJECT ADDED ENTRY--TOPICAL TERM | |
| Topical term or geographic name entry element | Analysis I. |
| 9 (RLIN) | 102886 |
| 942 ## - ADDED ENTRY ELEMENTS (KOHA) | |
| Source of classification or shelving scheme | |
| Koha item type | Book |
| Call number prefix | 515,LAN |
| Withdrawn status | Lost status | Source of classification or shelving scheme | Damaged status | Not for loan | Permanent Location | Current Location | Shelving location | Date acquired | Full call number | Barcode | Date last seen | Price effective from | Koha item type | Public note |
|---|---|---|---|---|---|---|---|---|---|---|---|---|---|---|
| Military College of Signals (MCS) | Military College of Signals (MCS) | General Stacks | 12/12/2016 | 515,LAN | MCS7510 | 12/08/2016 | 12/12/2016 | Book | Almirah No.13, Shelf No.1 |
